000 03287aam a2200349 i 4500
001 768714001
003 CO-MdFUSB
005 20251001130140.0
007 ta
008 210531t1998 -usabc|| |||| 00| 0 spa d
020 _a0829705716
040 _bspa.
_aCO-MdFUSB
_cCO-MdFUSB
_dCO-MdFUSBC
_erda
041 _aspa
_heng
082 0 4 _223
_a270.092
_bG786g
240 _aGreat leaders of the christian church
245 1 0 _aGrandes líderes de la iglesia
_c/ editado por John D. Woodbridge ; traducido por Andrés Carrodeguas , Lilia Schäfler , Ezequiel Romero
264 1 _aEstados Unidos :
_bVida,
_c[1998]
264 4 _c© 1998
300 _a384 Páginas
_c; 24 cm
336 _atexto
_btxt
_2rdacontent
337 _2rdamedia
_asin mediación
_bn
338 _2rdacarrier
_avolumen
_bnc
505 0 _aPedro. -- Pablo. -- Juan. -- Ignacio de Antioquía. -- Justin Martyr. -- Irenaeus. -- Tertuliano. -- Origen. -- Cipriano de la Iglesia Cartago. -- Atanasio. -- Basilio el Grande y el monasticismo oriental. -- Los primeros monjes. -- Jerome. -- John Chrysostom. -- Agustín de Hippo. -- Leo el Grande. -- Patrick Columba. -- Gregory the Great. -- The Venerable Bede. -- Bonifacio. -- Alcuin. -- Anselmo de Canterbury. -- Las Cruzadas. -- Bernard of Clairvaux. -- Peter Abelard. -- Monasticismo medieval. -- Thomas Beckett. -- Papa Inocencio III. -- Francisco de Asís. -- Thomas Aquinas. -- John Wyclif. -- Catalina de Siena. -- John Hus. -- Martin Luther. -- Ulrich (Huldrych) Zwingli. -- William Tyndale. -- John Calvin. -- Thomas Cranmer. -- Ignatius Loyola. -- Francis Xavier. -- Menno Simons. -- John Knox. -- Teresa de Ávila. -- Blaise Pascal. -- John Owen. -- John Bunyan. -- George Fox. -- Philipp Jakob Spener. -- Jonathan Edwards. -- John y Charles Wesley. -- George Whitefield. -- William Wilberforce. -- William Carey. -- Elizabeth Fry. -- Charles Grandison Finney. -- George Müller. -- Sören Kierkegaard. -- David Livingston. -- C. H. Spurgeon. -- D. L. Moody. -- B. B. Warfield. -- Karl Barth. -- Dietrich Bonhoeffer. -- C. S. Lewis. -- Billy Graham. -- Francis Schaeffer
_rD. A. Carson. -- F. F. Bruce. -- Leon Morris. -- Edwin M. Yamauchi. -- Everett Ferguson. -- Gerald L. Bray. -- Robert V. Schnucker. -- Michael A. Smith. -- David F. Wright. -- Ronald H. Nash. -- Caroline T. Marshall. -- Robert D. Linder. -- Robert G. Clouse. -- Harold O. J. Brown. -- James H. Pain. -- H. Dermot McDonald. -- James H. Dolor. -- Thomas Kay. -- Rodney L. Petersen. -- A. N. S. Lane. -- W. Robert Godfrey. -- Geoffrey W. Bromiley. -- James I. Packer. -- Peter Toon. -- Kenneth R. Davis. -- J. D. Douglas. -- Roger Pooley. -- Arthur O. Roberts. -- Ian Sellers. -- Paul Helm. -- A. Skevington Wood. -- Arnold A. Dallimore. -- John C. Pollock. -- Ruth Tucker. -- David W. Bebbington. -- Garth Rosell. -- Cyril J. Davey. -- C. Stephen Evans. -- Brian Stanley. -- Roger Nicole. -- Richard V. Pierard. -- Lyle W. Dorsett. -- David Porter
563 _aTapa dura
650 0 _91238
_aBiografías cristianas
700 _95346
_a Woodbridge, John D,
_eeditor
700 _95347
_aCarrodeguas, Andrés,
_etraductor
700 _95348
_aSchäfler, Lilia,
_etraductor
700 _91328
_aRomero Sánchez-Concha, Ezequiel
_etraductor
942 _cBK
945 _aJTF-925
999 _c38916
_d38916